书目信息 |
| 题名: |
市场研究与应用
|
|
| 作者: | 刘德寰 主编 | |
| 分册: | ||
| 出版信息: | 北京 北京大学出版社 2006 |
|
| 页数: | 344页 | |
| 开本: | 23cm | |
| 丛书名: | ||
| 单 册: | ||
| 中图分类: | F713.52 | |
| 科图分类: | ||
| 主题词: | 市场--研究--高等学校--教材 , 市场 | |
| 电子资源: | ||
| ISBN: | 7-301-10091-4 | |
| 000 | 00928nam0 2200265 450 | |
| 001 | 003185815 | |
| 005 | 20091208153831.03 | |
| 010 | @a7-301-10091-4@dCNY30.00 | |
| 100 | @a20060210d2006 em y0chiy0110 ea | |
| 101 | 0 | @achi |
| 102 | @aCN@b110000 | |
| 105 | @ay z 000yy | |
| 106 | @ar | |
| 200 | 1 | @a市场研究与应用@9shi chang yan jiu yu ying yong@dMarket research and application@f刘德寰主编@zeng |
| 210 | @a北京@c北京大学出版社@d2006 | |
| 215 | @a344页@d23cm | |
| 300 | @a21世纪新闻与传播学系列教材 | |
| 330 | @a本书收集、整理、归纳和丰富了市场研究的最新成果,内容涉及市场细分与定位、产品测试、营销渠道及其管理研究体系、商圈研究、品牌研究、广告研究等内容。 | |
| 510 | 1 | @aMarket research and application@zeng |
| 606 | 0 | @a市场@x研究@x高等学校@j教材 |
| 606 | 0 | @a市场 |
| 690 | @aF713.52@v4 | |
| 701 | 0 | @a刘德寰@9liu de huan@f(1966~)@4主编 |
| 801 | 0 | @aCN@bNLC@c20091208 |
| 905 | @b20794772-76@dF713.52@e452@f5 | |
| 市场研究与应用=Market research and application/刘德寰主编.-北京:北京大学出版社,2006 |
| 344页;23cm |
| 21世纪新闻与传播学系列教材 |
| ISBN 7-301-10091-4:CNY30.00 |
| 本书收集、整理、归纳和丰富了市场研究的最新成果,内容涉及市场细分与定位、产品测试、营销渠道及其管理研究体系、商圈研究、品牌研究、广告研究等内容。 |
| ● |
| 相关链接 |
|
|
|
|
正题名:市场研究与应用
索取号:F713.52/452
 
预约/预借
| 序号 | 登录号 | 条形码 | 馆藏地/架位号 | 状态 | 备注 |
| 1 | 794772 | 207947720 | 第一样本阅览室/ [索取号:F713.52/452] | 在馆 | |
| 2 | 794773 | 207947739 | 第一借阅区/ [索取号:F713.52/452] | 在馆 | |
| 3 | 794774 | 207947748 | 第一借阅区/ [索取号:F713.52/452] | 在馆 | |
| 4 | 794775 | 207947757 | 第一借阅区/ [索取号:F713.52/452] | 在馆 | |
| 5 | 794776 | 207947766 | 密集书库-文学院/ [索取号:F713.52/452] | 在馆 |